000 00423pab a2200157 454500
008 180718b2011 xxu||||| |||| 00| 0 eng d
100 _aChinara, Benudhar
245 _aUniversalisation of quality elementary education: Emerging and thrust areas of research
260 _c2011
300 _ap.18-22.
362 _a17 Jan
650 _aElementary education
773 _aUniversity News
908 _aN
909 _a96512
999 _c96512
_d96512